• 首页
  • 本馆介绍
  • 公告通知
  • 最新文献
  • 馆藏检索
  • 电子资源
  • 读者导购
  • 参考咨询
  • 我的图书馆
  • 登录
  • 详细信息显示
  • 放入我的书架
  • 预约/预借图书
  • 作者相关作品
  • 分类相关作品
  • 丛书相关作品
  • 出版社相关作品

书目信息

  • 表格格式
  • 工作单格式
  • 卡片格式
题名:
劝君更尽一杯酒
    
 
作者: 刘磊 主编
分册:  
出版信息: 北京   红旗出版社  2017.8
页数: 153页
开本: 24cm
丛书名: 中国诗词大会
单 册:
中图分类: I207.2
科图分类:
主题词: 诗词--诗歌欣赏--中国
电子资源:
ISBN: 978-7-5051-4263-3
000 01525oam2 2200253 45
001 012001011314
005 20131017163656.0
010    @a978-7-5051-4263-3@dCNY33.50
100    @a20170731d2017 em y0chiy0110 ea
101 0  @achi
102    @aCN@b110000
105    @ay z 000yy
106    @ar
200 1  @a劝君更尽一杯酒@Aquan jun geng jin yi bei jiu@f刘磊主编
210    @a北京@c红旗出版社@d2017.8
215    @a153页@d24cm
225 2  @a中国诗词大会
330    @a《中国诗词大会》是以“赏中华诗词,寻文化基因,品生活之美”为宗旨的文化类图书。为贯彻落实习近平总书记关于弘扬中华优秀传统文化的指示精神,为让古代经典诗词,深深印在国民大众的脑子里,成为“中华民族文化基因”,通过演播室比赛的形式,重温经典诗词,继承和发扬中华优秀传统文化。编者在诗词题目的甄选上注重“普及性和专业性并重”,邀请诗词领域的专家学者历时近一年组建诗词题库。入选诗词题目几乎全部出自中小学课本,涵盖豪放、婉约、田园、边塞、咏物、咏怀、咏史、风光等各个类别,聚焦忠孝、仁义、爱国等中华优秀传统文化主题,引领读者在“熟悉的陌生题”中领会中华诗词文化精髓,透过诗词之美传承和弘扬社会主义核心价值观。《劝君更尽一杯酒》收录了古代关于友情送别的诗词。友情送别诗抒写离情别绪,是分离时迸发的情感火花。重团聚、怨别离,是中华民族的传统心理。千百年来,故国乡土之思、骨肉亲人之念、挚友离别之感牵动了很多人的心弦,“别离”自然成为我国古典诗歌中歌咏的重要内容。
461  0 @12001 @a中国诗词大会
606 0  @a诗词@x诗歌欣赏@y中国
690    @aI207.2@v5
701  0 @a刘磊@Aliu lei@4主编
801  0 @aCN@b上海新华@c20191020
905    @b1183000-3@dI207.2@e1260@f4
    
    劝君更尽一杯酒/刘磊主编.-北京:红旗出版社,2017.8
    153页;24cm.-(中国诗词大会)
    
    
    ISBN 978-7-5051-4263-3:CNY33.50
    《中国诗词大会》是以“赏中华诗词,寻文化基因,品生活之美”为宗旨的文化类图书。为贯彻落实习近平总书记关于弘扬中华优秀传统文化的指示精神,为让古代经典诗词,深深印在国民大众的脑子里,成为“中华民族文化基因”,通过演播室比赛的形式,重温经典诗词,继承和发扬中华优秀传统文化。编者在诗词题目的甄选上注重“普及性和专业性并重”,邀请诗词领域的专家学者历时近一年组建诗词题库。入选诗词题目几乎全部出自中小学课本,涵盖豪放、婉约、田园、边塞、咏物、咏怀、咏史、风光等各个类别,聚焦忠孝、仁义、爱国等中华优秀传统文化主题,引领读者在“熟悉的陌生题”中领会中华诗词文化精髓,透过诗词之美传承和弘扬社会主义核心价值观。《劝君更尽一杯酒》收录了古代关于友情送别的诗词。友情送别诗抒写离情别绪,是分离时迸发的情感火花。重团聚、怨别离,是中华民族的传统心理。千百年来,故国乡土之思、骨肉亲人之念、挚友离别之感牵动了很多人的心弦,“别离”自然成为我国古典诗歌中歌咏的重要内容。
●
相关链接 在E读中查询图书 在五车中查询图书 在当当中查询图书 在豆瓣中查询图书


正题名:劝君更尽一杯酒     索取号:I207.2/1260         预约/预借

序号 登录号 条形码 馆藏地/架位号 状态 备注
1 1183000   211830009   第一样本阅览室/ [索取号:I207.2/1260] 在馆    
2 1183001   211830018   第二借阅区/ [索取号:I207.2/1260] 在馆    
3 1183002   211830027   第二借阅区/ [索取号:I207.2/1260] 在馆    
4 1183003   211830036   第二借阅区/ [索取号:I207.2/1260] 在馆    
唐山师范学院图书馆 欢迎您!
大连网信软件有限公司© 版权所有